[Event "Amber-blindfold 09th"]
[Site "Monte Carlo"]
[Date "2000.03.28"]
[Round "11"]
[White "Ivanchuk, Vassily"]
[Black "Shirov, Alexei"]
[Result "1-0"]
[WhiteElo "2709"]
[BlackElo "2751"]
[Annotator "Blatny,P"]
[PlyCount "51"]
[EventDate "2000.03.16"]
[EventType "tourn (rapid)"]
[EventRounds "11"]
[EventCountry "MNC"]
[EventCategory "18"]
[SourceTitle "CBM 076"]
[Source "ChessBase"]
[SourceDate "2000.05.31"]
[SourceVersion "1"]
[SourceVersionDate "2000.05.31"]
[SourceQuality "1"]

1. e4 e5 2. Nf3 Nf6 3. Nxe5 d6 4. Nf3 Nxe4 5. d4 d5 6. Bd3 Bd6 7. O-O O-O 8. c4
c6 9. Re1 Bf5 10. Qb3 Na6 11. cxd5 cxd5 12. Nc3 Be6 (12... Bb4 13. Nxe4 dxe4
14. Bxe4 Bxe1 15. Bxf5 Qa5 16. Be4 Rae8 17. Bxb7 $13 {Anand,V-Ivanchuk,V/
Amber-blind 2nd 1993/CBM 34 ext/1/2-1/2 (32)}) 13. Nb5 $14 (13. a3 Nc7 14. Qc2
(14. Qa4 f5 15. Ne2 f4 16. Nc3 Ng5 17. Ne5 f3 18. g3 Nh3+ 19. Kf1 Bf5 $13 {
Shirov,A-Rozentalis,E/Bundesliga 9900 1999/EXT 2000/1-0 (42)}) (14. Qd1 Nxc3
15. bxc3 Bg4 16. Bb1 Bh5 17. Qc2 Bg6 18. Qb3 b5 19. Bxg6 hxg6 20. a4 $11 {
1/2-1/2 Yemelin,V-Rozentalis,E/Wichern op 5th 1999/EXT 2000 (21)}) 14... f5 15.
Ne2 Bf7 16. Bf4 {1/2-1/2 Popovic,P-Fahnenschmidt,G/Bundesliga 8889 1989/GER-chT
}) 13... Nb4 14. Nxd6 Qxd6 (14... Nxd3 $143 15. Nxb7 $1 (15. Qxd3 $143 Qxd6 16.
Ng5 Nxg5 17. Bxg5 f6 $11) 15... Qd7 16. Qxd3 Qxb7 17. Ng5 $16) 15. Bb1 (15.
Bxe4 $4 dxe4 16. Qa3 exf3 $19) 15... Rac8 16. Be3 f5 (16... Rfe8 17. Ne5 $13)
17. g3 f4 $6 (17... Rfe8 $142) 18. Bxf4 Rxf4 19. gxf4 Qxf4 20. Rxe4 $1 (20.
Qxb4 Bh3 $1 $19) 20... Bh3 (20... Rc1+ 21. Re1 Bh3 22. Bxh7+ Kxh7 23. Ne5 Rxe1+
24. Rxe1 $18) 21. Bd3 (21. Rxf4 $4 Rc1+ 22. Qd1 Rxd1+ 23. Ne1 Rxe1#) (21. Qxb4
$4 Rc1+ 22. Qe1 dxe4 23. Bxe4 Qg4+ 24. Kh1 Qg2#) 21... Qh6 (21... Qxf3 22. Re8+
$1 Rxe8 23. Bxh7+ Kxh7 24. Qxf3 $18) 22. Rh4 (22. Re3 $142 $5 Qh5 23. Ne1 Nxd3
24. Nxd3 b6 $18) 22... Rc1+ 23. Qd1 $1 Rxd1+ 24. Rxd1 Qe6 25. Bxh7+ Kf8 26.
Rf4+ (26. Rf4+ Ke7 27. Re1 $18) 1-0

[Event "Amber-rapid 09th"]
[Site "Monte Carlo"]
[Date "2000.03.22"]
[Round "6"]
[White "Ivanchuk, Vassily"]
[Black "Ljubojevic, Ljubomir"]
[Result "1-0"]
[WhiteElo "2709"]
[BlackElo "2559"]
[Annotator "Finkel,A"]
[PlyCount "71"]
[EventDate "2000.03.16"]
[EventType "tourn (rapid)"]
[EventRounds "11"]
[EventCountry "MNC"]
[EventCategory "18"]
[SourceTitle "CBM 076"]
[Source "ChessBase"]
[SourceDate "2000.05.31"]
[SourceVersion "1"]
[SourceVersionDate "2000.05.31"]
[SourceQuality "1"]

1. e4 e6 2. d4 d5 3. Nc3 dxe4 4. Nxe4 Nd7 5. g3 Ngf6 6. Nxf6+ Nxf6 7. Bg2 c5 8.
Nf3 Qb6 (8... cxd4 9. Qxd4 Qxd4 10. Nxd4 Bc5 11. Nb3 Bb6 12. Ke2 e5 $11 {
Hertneck,G-Luther,T/Bad Lauterberg 1991}) (8... Qa5+ 9. c3 Be7 (9... cxd4 10.
Nxd4 Be7 11. O-O O-O 12. Qe2 a6 13. c4 Qb6 14. Rd1 $13 {Hoffmann,M-Luecke,N/
BL9798}) 10. dxc5 Qxc5 11. Be3 Qa5 12. O-O O-O 13. Bd4 Rd8 14. Qc2 Bd7 15. Ne5
$14 {Wahls,M-Teske,H/Berliner Sommer 1995}) 9. O-O Be7 $6 {For this inaccuracy
black will pay with the point!This game is another example of Ivanchuk's
strategical talent:it's amazing to see the with what ease he converted the
minimal advantage after the opening in the win.} (9... Bd7 10. c4 cxd4 11. Nxd4
Rd8 12. Nf3 (12. Be3 $1 Qxb2 13. Qb3 Qxb3 14. axb3 Bc5 15. Nxe6 $1 $16 {
Georgiev,K-Marjanovic,S/JUG-chT 1996}) 12... Bc6 13. Qe2 Be7 14. Be3 Qc7 15.
Bf4 Qc8 16. Rfd1 O-O $11 {Schula,M-Votruba,P/CZE-chT 1994}) 10. dxc5 $1 Bxc5
11. Ne5 O-O 12. Qe2 Rd8 13. c3 $14 {[%cal Gb2b4,Ga2a5]} h6 (13... a5 14. Bg5
Be7 15. Rad1 h6 16. Be3 Qc7 17. Rxd8+ Bxd8 18. Rd1 $14) 14. b4 Be7 15. Nc4 Qb5
(15... Qa6 $2 16. a4 Bd7 17. Qa2 $1 $18 {[%cal Gb4b5]}) 16. a4 $1 {Starting
the actions on the queenside.} Qe8 (16... Qf5 $5) 17. Bb2 Nd5 (17... Bd7 18. b5
$1 (18. Na5 Bxa4 19. Nxb7 Rdc8 $13) 18... Nd5 19. Ne5 $16 {[%cal Gc3c4,Gg2b7]})
18. Rfe1 Bf6 (18... b6) 19. Ne5 Bd7 20. b5 $1 {Preparing the advance of the
c-pawn and restricting the black lightsquared bishop,which will remain trapped
till the very end of the game.} Rab8 21. c4 Ne7 22. Red1 $16 b6 (22... Nf5) 23.
a5 Bc8 24. a6 $1 {[%csl Rc8]} Bd7 25. Rd2 Ng6 26. Rad1 (26. Nxg6 Bxb2 27. Rxb2
fxg6 28. Rd2 $16) 26... Nxe5 27. Bxe5 Bxe5 28. Qxe5 Rbc8 29. Bb7 $18 {The pin
over the d-file decides the game.} Rxc4 (29... Rc5 30. Qe2 Rc7 31. Rd6 $18 {
[%cal Gb7c6,Ge2d2]}) 30. Bc6 Rc5 31. Rxd7 $5 Rxd7 32. Bxd7 Qd8 33. Qd6 Kh7 34.
Bc6 Qf6 35. Qd7 g6 36. Qxa7 1-0

[Event "Amber-rapid 09th"]
[Site "Monte Carlo"]
[Date "2000.03.23"]
[Round "7"]
[White "Van Wely, Loek"]
[Black "Ivanchuk, Vassily"]
[Result "0-1"]
[WhiteElo "2646"]
[BlackElo "2709"]
[Annotator "Huzman,A"]
[PlyCount "98"]
[EventDate "2000.03.16"]
[EventType "tourn (rapid)"]
[EventRounds "11"]
[EventCountry "MNC"]
[EventCategory "18"]
[SourceTitle "CBM 076"]
[Source "ChessBase"]
[SourceDate "2000.05.31"]
[SourceVersion "1"]
[SourceVersionDate "2000.05.31"]
[SourceQuality "1"]

1. d4 d5 2. c4 dxc4 3. e4 e5 4. Nf3 exd4 5. Bxc4 Bb4+ 6. Bd2 Bxd2+ 7. Nbxd2 Nc6
8. O-O Nf6 9. e5 Nd5 10. Nb3 O-O 11. Nbxd4 Nxd4 12. Qxd4 Nb6 13. Bb3 Qe7 (13...
Be6 14. Qc5 (14. Bxe6 fxe6 15. Qb4 Qe8 16. Qb3 Qg6 17. Nd4 Nd5 18. Qg3 Qh6 19.
Rad1 c5 $11 {1/2-1/2 Michaelsen,N-Hansen,L/Hamburg 1993/EXT 97 (40)}) 14... Re8
15. Rad1 Qe7 16. Qe3 Bxb3 17. Qxb3 Rad8 $10 {1/2-1/2 Karpov,A-Anand,V/Linares
1992/ (43)}) 14. Qe4 {[%cal Ge4b7,Ge4h7]} a5 (14... c5 $5 15. Rad1 Be6 16. Bc2
(16. Bxe6 fxe6 17. Rd6 Rad8 18. Rfd1 Nd5 $132) 16... g6 $11) 15. Rad1 a4 16.
Bc2 g6 17. Qf4 Re8 $6 (17... Be6 18. Ng5 $5 (18. Be4 c6) 18... Bxa2 19. Ne4 Kg7
20. Nf6 $44) 18. Ng5 Kg7 19. Rfe1 Ra5 $2 (19... Be6 20. b3 axb3 21. Nxe6+ fxe6
22. Bxb3 $14) 20. h4 $2 ({The White lose good opportunity to win the game by
elegant combination} 20. Qf6+ $1 Kg8 21. Rd8 $1 Qf8 22. e6 $1 (22. Nxh7 $1 Kxh7
23. Re4 $18) 22... Bxe6 (22... fxe6 23. Nxh7 $18) 23. Rxe8 Qxe8 24. Rxe6 fxe6
25. Nxe6 $18) 20... Nd5 21. Qg3 $2 (21. Qd2 Qb4 (21... b6 22. Re4 Bf5 23. Rxa4
Bxc2 24. Qxc2 Qxe5 25. Re4 Qf5 26. g4 Qd7 27. Rxe8 Qxe8 28. b4 Rb5 29. a4 (29.
a3 $5 {[%csl Rb5]}) 29... Rxb4 30. Rxd5 Rxg4+ 31. Kf1 Rxh4 32. Qc3+ $16) (21...
Nb4 22. Re4 Nc6 23. e6 f6 24. Nf3 a3 25. b4) 22. Re4 Qxd2 23. Rxd2 Bf5 24. Rxa4
Rxa4 25. Bxa4 Rxe5 26. Nf3 Re4 27. Bc2 Rf4 28. Rxd5 Bxc2 29. Rd7 $14) 21... Nb4
22. Bb1 Rxe5 23. Qc3 (23. Nf3 $5 Re6 (23... Rxe1+ 24. Rxe1 Be6 25. Qe5+ f6 26.
Qb5 $44)) 23... f6 24. Nf3 (24. Rxe5 fxe5 (24... Qxe5 25. Qxb4 fxg5 26. hxg5
Qxg5 27. Qxa4 $11) 25. Qg3 $44) 24... Re6 25. h5 Nd5 26. Qd4 $2 (26. Rxe6 Bxe6
27. Qc2 $44) 26... Qb4 $1 $17 27. Rxe6 Bxe6 28. hxg6 hxg6 29. Be4 Qxd4 30. Rxd4
a3 $1 31. bxa3 (31. Bxd5 axb2 32. Be4 Bxa2 $19) 31... Nc3 32. Bd3 (32. Rb4 b6
$17) 32... Ra8 33. Bc4 $2 (33. Rb4 b6 34. Bc4 c5 35. Rb3 Bxc4 36. Rxc3 Bxa2 $17
{/-+}) 33... c5 $1 $19 34. Bxe6 Ne2+ 35. Kf1 Nxd4 36. Nxd4 cxd4 37. Bb3 Rc8 38.
Ke2 Rc3 39. a4 b6 40. Kd2 f5 41. Bd1 g5 42. Bc2 Kf6 43. Bb3 Ke5 44. Bd1 Kd6 45.
Bc2 f4 46. Bb3 g4 47. Bd1 g3 48. fxg3 fxg3 49. Bb3 Kc5 0-1

[Event "Amber-rapid 09th"]
[Site "Monte Carlo"]
[Date "2000.03.24"]
[Round "8"]
[White "Ivanchuk, Vassily"]
[Black "Lautier, Joel"]
[Result "1-0"]
[WhiteElo "2709"]
[BlackElo "2632"]
[Annotator "Ribli,Z"]
[PlyCount "81"]
[EventDate "2000.03.16"]
[EventType "tourn (rapid)"]
[EventRounds "11"]
[EventCountry "MNC"]
[EventCategory "18"]
[SourceTitle "CBM 076"]
[Source "ChessBase"]
[SourceDate "2000.05.31"]
[SourceVersion "1"]
[SourceVersionDate "2000.05.31"]
[SourceQuality "1"]

1. e4 c5 2. Nf3 Nc6 3. Nc3 {Mit diesem Zug möchte Ivanchuk - glaube ich - die
Sweschnikov-Variante vermeiden (die wäre möglich nach 3.d4 cxd4 4.Nxd4 Nf6 5.
Nc3 e5). Jetzt wäre nach 3...Nf6 der Zug 4.Bb5 vorteilhaft für Weiß, während 3.
..e5 den Punkt d5 schwächen würde.} e6 4. d4 cxd4 5. Nxd4 Qc7 6. Be2 {Ivanchuk
wählt die klassische Variante. Anschließend rochiert Weiß und entwickelt den
Bc1.} a6 7. O-O Nf6 8. Be3 Bb4 {Das ist die prinzipielle Fortsetzung, aber die
Hauptalternative 8...d6 (oder zuerst 8... Be7 und dann d6) wäre auch möglich -
mit Übergang zur Scheveninger Verteidigung.} 9. Na4 Be7 {In letzter Zeit gibt
man dieser Fortsetzung den Vorzug gegenüber dem alten 9...0-0. Richtig ist,
dass der Bb4 (nach 9.Na4) früher, oder später wegziehen muss.} 10. Nxc6 bxc6
11. Nb6 Rb8 12. Nxc8 Qxc8 13. Bd4 {Ivanchuk folgt - natürlich -der neuesten
Theorie. Die Alternative 13.e5 Nd5 14.Bc1 wäre weniger gefährlich für Schwarz.}
O-O (13... c5 14. Be5 Rb6 15. Qd3 (15. b3 Nxe4 16. Bxg7 Rg8 17. Bb2 Rd6 $132)
15... O-O (15... d6 $5) 16. b3 $1 $146 (16. c4) 16... d6 17. Bb2 Nd7 18. Rad1
Bf6 19. Bc1 a5 20. f4 Rd8 21. Qh3 $14 a4 22. Bd3 Nf8 23. Bd2 Qa8 24. Rde1 g6
25. f5 exf5 26. exf5 Re8 27. fxg6 Bd4+ 28. Kh1 hxg6 29. Bc4 d5 30. Bxd5 Qxd5
31. Rxe8 Bg7 32. Bc3 {1-0 Shirov,A-Atakisi,U/Eu Team Ch Batumi GEO 1999 (32)})
(13... Qc7 14. e5 Nd5 15. b3 c5 16. Bb2 Rb6 17. Bc4 Nb4 18. Qe2 a5 19. Rad1 O-O
20. Rd2 Nc6 21. Rfd1 Rd8 22. Bc3 g6 23. Bb5 Nd4 24. Bxd4 cxd4 25. Rxd4 d6 {
1/2-1/2 Onischuk,A-Epishin,V/Germany 1999/GER-chT (48)}) 14. e5 Nd5 15. b3 {
[%mdl 4] Weiß schafft Platz auf b2 für seinen Läufer. Das sofortige 15.c4 gibt
Schwarz gute Gegenchancen.} (15. c4 c5 16. cxd5 cxd4 17. d6 Bg5 18. f4 Bd8 19.
Rc1 Qb7 20. b3 f6 21. Bd3 fxe5 22. fxe5 Bg5 23. Qh5 Bh6 24. Rxf8+ Rxf8 25. Rf1
Be3+ 26. Kh1 Rxf1+ 27. Bxf1 g6 28. Qf3 Qc8 29. Bc4 a5 30. g3 Qc5 {1/2-1/2
Polzin,R-Heissler,J/Germany 1999/GER-chT (45)}) 15... Nf4 {Der Nd5 muss früher
oder später bewegt werden. In unserer Partie zielt er das Feld g6 an.} 16. Bc4
{Weiß muss den weißfeldrigen Läufer auf dem Brett halten.} c5 17. Be3 Ng6 18.
f4 Rb6 $5 {Dieser Turmzug ist anscheinend ein wichtiges Motiv in dieser
Variante - Schwarz verteidigt damit den Pa6 und bereitet den Befreiungszug 19..
.d6 bzw. 19...d5 vor.} 19. Qe2 d5 20. exd6 Rxd6 21. Qf2 $14 {[%cal Gf2c5] Weiß
hat die bessere Bauernstruktur und das Läuferpaar aber noch keine konkreten
Drohungen.} Rfd8 {[%cal Gd8d1]} 22. Rae1 (22. Bxc5 $4 Rd2 $19) 22... Qc6 (22...
Nh4 $2 {[%cal Gh4f5]} 23. Bxc5 Rd2 24. Bxe7 $16 {[%csl Ge7][%cal Re7h4,Re7d8]})
23. Be2 {[%cal Ge2f3]} (23. f5 $5 $14) 23... R6d7 (23... Bf6 $5 24. f5 (24.
Bxc5 Bh4 (24... Rd2 $5 $132) (24... Rd4 $5 $132) 25. g3 (25. Qe3 Rd5 26. Bb6
Bxe1 27. Bxd8 Bd2 28. Qb6 Qxc2 $17) 25... Nxf4 26. Bf3 Nh3+ 27. Kg2 Nxf2 28.
Bxc6 Rxc6 29. Bxf2 Bf6 30. c4 Rd2 $11) 24... exf5 25. Qxf5 Rd5 $11) 24. f5 $36
exf5 25. Qxf5 Kh8 26. Bd3 (26. Qxf7 $2 Bh4 {[%cal Rd7f7,Rh4e1]}) 26... Bf8 27.
Bg5 Rb8 (27... f6 28. Re6 $36) 28. h4 {[%mdl 128] Weiß hat das Läuferpaar und
eine aktive Angriffsstellung. Es droht der Vormarsch des h-Bauern. Dennoch ist
die schwarze Stellung solide.} f6 29. Re6 Qd5 $2 (29... Rd6 30. Rxd6 Bxd6 (
30... Qxd6 $2 31. Bf4 Qd4+ 32. Kh1 Rd8 33. Qh5 (33. h5 $2 Rd5 $17) 33... Rd5
34. Bg5 $1 $18) 31. Bxf6 (31. h5 fxg5 32. hxg6 h6 $11) (31. Bd2 c4 32. bxc4 (
32. Bxc4 Nxh4 $11) 32... Qc5+ $11) 31... c4 $1 (31... gxf6 32. Qxf6+ Kg8 33.
Bc4+ $18) 32. Bxg7+ Kxg7 33. Qf6+ Kh6 $11) 30. h5 $1 (30. Rxf6 gxf6 31. Bxf6+
Bg7 (31... Kg8 $4 32. Bc4 $18) 32. Bxg7+ Kxg7 33. Qf6+ Kh6 34. Bxg6 Qd4+ $132 (
34... hxg6 35. Qf4+ Kh7 36. Qxb8 Qd4+ 37. Rf2 Qxh4 38. Qe5 $14)) 30... Qxf5 31.
Bxf5 {Auch nach dem Damentausch hat Weiß starke Initiative am Königsflügel.}
fxg5 32. hxg6 hxg6 33. Rxg6 $16 {Der Rd7 und der Pg5 hängen. Und noch
gewichtiger ist die Tatsache, dass der schwarze König auf h8 schhlecht steht.}
Rd6 34. Rxg5 Rh6 35. Bd3 Be7 36. Rd5 Bf6 37. g3 {Natürlich wäre 37.Rxc5??
wegen 37...Bd4+ ganz schlecht. Daher macht Weiß auf g2 Platz für seinen König.
Früher oder später wird der Pc5 ohnehin schwach.} a5 38. Kg2 Bd4 39. g4 {
Der Vormarsch des g-Bauern entscheidet die Partie.} Re8 40. g5 $18 Rh4 (40...
Rhe6 41. Rd7 $18 {Der schwarze König befindet sich in Mattnetz - es droht
einfach 42.Rh1+ und 42.Bc4.}) 41. Kg3 {Und Schwarz gab auf - er muss
mindestens die Qualität geben.} 1-0

[Event "Amber-rapid 09th"]
[Site "Monte Carlo"]
[Date "2000.03.26"]
[Round "9"]
[White "Karpov, Anatoly"]
[Black "Ivanchuk, Vassily"]
[Result "1/2-1/2"]
[WhiteElo "2696"]
[BlackElo "2709"]
[Annotator "Golod,V"]
[PlyCount "58"]
[EventDate "2000.03.16"]
[EventType "tourn (rapid)"]
[EventRounds "11"]
[EventCountry "MNC"]
[EventCategory "18"]
[SourceTitle "CBM 076"]
[Source "ChessBase"]
[SourceDate "2000.05.31"]
[SourceVersion "1"]
[SourceVersionDate "2000.05.31"]
[SourceQuality "1"]

1. d4 Nf6 2. c4 e6 3. Nc3 Bb4 4. Qc2 O-O 5. a3 Bxc3+ 6. Qxc3 b6 7. Bg5 Bb7 8.
f3 h6 9. Bh4 d5 10. e3 Nbd7 11. cxd5 Nxd5 12. Bxd8 Nxc3 13. Bh4 $5 {It's main
line,other lines are:} (13. Be7 $6 {You can see comments to Shipov,
S-Stefansson,H/Las Vegas,1999/ CBM 72(1/2-1/2) (Golod,V)(46)}) (13. Bxc7 $5) ({
and} 13. bxc3 $6) 13... Nd5 14. Bf2 Ne7 $5 $146 {[%cal Gc7c5][%mdl 8]
Interesting novelty of Vassily Ivanchuk. Besides 14...f5 and 14...c5 was
checked repeatedly in the previous games.} (14... f5 $5 {It's main line.See
comments to Schandorff,L-Olafsson,H/Gentofte,1999/ CBM73(1/2-1/2)(Golod,V)(31)}
) ({In my opinion slightly worse is:} 14... c5 {See comments to Teplitsky,
Y-Gershon,A/Bermuda,1999/CBM 69(1/2-1/2)(Golod,V)(27) and Kramnik,V-Adams,M/
Linares,1999/CBM 70 (1-0)(Golod,V)(38)}) 15. Bb5 $5 {This move better than:} (
15. e4 c5 (15... Rac8 $5 {[%cal Gc7c5]}) 16. dxc5 (16. Bb5 $143 Bc6 17. Bxc6
Nxc6 18. dxc5 Nxc5 19. Bxc5 bxc5 20. Rc1 Ne5 $36 {[%csl Rb2][%cal Ge5d3]})
16... Nxc5 17. Bxc5 bxc5 18. Rc1 Rac8 $11) ({or} 15. Rc1 c5 $1 16. Bb5 $140 Bc6
17. Bxc6 Nxc6 18. b4 (18. Ke2 $5) 18... Rfc8 19. dxc5 bxc5 20. bxc5 Nce5 $36)
15... c6 16. Ba4 Rfd8 ({It deserves attention:} 16... e5 17. Ne2 (17. dxe5 $143
Nxe5 18. O-O-O Rad8 $36) 17... exd4 18. Nxd4 (18. exd4 $11) 18... Rad8 {+/=/=})
17. Ne2 ({After:} 17. e4 {black has two principales decisions:} e5 (17... c5 $5
18. Bxd7 Rxd7 19. dxc5 bxc5 20. Bxc5 Nc6 {[%cal Gc6e5,Gc6a5,Ga5b3,Ge5d3]} 21.
Rd1 Rxd1+ 22. Kxd1 Ne5 $44) 18. Ne2 exd4 19. Bxd4 (19. Nxd4 $6 Ne5 $36) 19...
c5 $13) 17... c5 18. Bxd7 Rxd7 19. dxc5 Rad8 $2 {Senseless sacrifice! Good
enough for black:} (19... bxc5 20. Rc1 (20. e4 $6 Nc6 $140 21. Bxc5 Ne5 $36 {
[%cal Gb7a6,Ge5d3]}) 20... Rad8 21. e4 Rd2 22. Bxc5 Nc6 23. b4 Rb2 $44) 20. O-O
$2 ({It is necessary:} 20. cxb6 axb6 (20... Rd2 $6 21. bxa7 Rxb2 22. Nc3 Nc6
23. e4 $16) 21. e4 Ba6 $5 (21... Nc8 $143 22. Nc3 Rd2 $140 23. Rd1) 22. Nc3 $14
{[%cal Ga1d1]} (22. Bxb6 $2 Rb8 23. Bc5 Rxb2 $40)) 20... Ba6 ({Also black
equalizes after:} 20... Rd2 21. Nc3 Rxb2 22. Na4 Rb3 23. cxb6 Bc6 {[%csl Rb6]}
24. Nc5 Rxb6) 21. Rfe1 Rd2 {[%csl Rb2,Re2]} 22. Nc3 Rxb2 ({A little worse is:} 
22... bxc5 23. Red1 Nc6 24. e4 c4 25. Rab1 {[%csl Ra7][%cal Gg1f1,Gf1e1] +/=/=}
) 23. cxb6 axb6 $11 24. Na4 Rb3 25. Reb1 Rxb1+ 26. Rxb1 Rd3 27. Nxb6 (27. Rxb6
$4 Rd1+ {[%csl Rg1]} 28. Be1 Rxe1+ 29. Kf2 Re2+ 30. Kg1 Bc4 $19) 27... Rxa3 28.
e4 Bd3 29. Rc1 Rb3 {[%csl Rc1,Rg1][%cal Gb3b1]} 1/2-1/2